Welcome to the Holygrace Academy Library

Please use search bar below to get started

BUILDING YOUR VOCABULARY (Record no. 4059)

MARC details
000 -LEADER
fixed length control field 00314nam a22001337a 4500
020 ## - INTERNATIONAL STANDARD BOOK NUMBER
ISBN 978-0-439-47324-8
082 ## - DEWEY DECIMAL CLASSIFICATION NUMBER
Classification number 425
Item number TER/B
100 ## - MAIN ENTRY--AUTHOR NAME
Personal name TERBAN,MARVIN
245 ## - TITLE STATEMENT
Title BUILDING YOUR VOCABULARY
260 ## - PUBLICATION, DISTRIBUTION, ETC. (IMPRINT)
Place of publication NEW DELHI
Name of publisher SCHOLASTIC
300 ## - PHYSICAL DESCRIPTION
Number of Pages 188
650 ## - SUBJECT ADDED ENTRY--TOPICAL TERM
Topical Term BUILDING YOUR VOCABULARY
Geographic subdivision NEW DELHI
942 ## - ADDED ENTRY ELEMENTS (KOHA)
Koha item type Books
Holdings
Withdrawn status Lost status Collection code Home library Current library Shelving location Date acquired Source of acquisition Full call number Accession Number Koha item type
    Reference Main Library Main Library SHELF-16C -ENGLISH GRAMMAR SYNONYMS7ANTONYMS,LETTERS, ETC 03/10/2026 PURCHASE 425 TER/B 03822 Books